[Event "Mazowiec-chT op 1718"]
[Site "Warsaw"]
[Date "2018.01.07"]
[Round "4.16"]
[White "Krasiewicz, Robert"]
[Black "Zbrzeski, Piotr"]
[Result "1-0"]
[WhiteElo "2007"]
[BlackElo "1777"]
[PlyCount "101"]
[EventDate "2017.12.03"]
[EventType "team-swiss"]
[EventRounds "10"]
[EventCountry "POL"]
[SourceTitle "EXT 2020"]
[Source "ChessBase"]
[SourceDate "2019.10.17"]
[SourceVersion "1"]
[SourceVersionDate "2019.10.17"]
[SourceQuality "1"]

1. e4 Nf6 2. Nc3 d5 3. e5 d4 4. exf6 dxc3 5. fxg7 cxd2+ 6. Qxd2 Qxd2+ 7. Bxd2 Bxg7 8. 0-0-0 0-0 9. Nf3 Nd7 10. g3 Ne5 11. Nxe5 Bxe5 12. Bg2 Rb8 13. Rhe1 Bd6 14. Bh6 Re8 15. Bd5 e5 16. f4 Bg4 17. Rd3 Be6 18. fxe5 Bxd5 19. Rxd5 Re6 20. Bd2 Bf8 21. Rd7 Re7 22. Rxe7 Bxe7 23. Re4 Bf8 24. Rg4+ Kh8 25. Bc3 Bg7 26. Kd2 Re8 27. Re4 Re6 28. Kd3 b5 29. a4 a6 30. axb5 axb5 31. b3 Kg8 32. Re1 Kf8 33. Ke4 Ke8 34. Kd5 Kd7 35. Rf1 Ke8 36. Rf5 Rh6 37. Rf2 Bf8 38. Ba5 c6+ 39. Ke4 Bg7 40. g4 Rh3 41. Rd2 Ke7 42. Bd8+ Ke8 43. Bg5 f5+ 44. gxf5 Bh6 45. Rd8+ Kf7 46. e6+ Kg7 47. f6+ Kg6 48. Rg8+ Kh5 49. Bxh6 Rh4+ 50. Bf4 b4 51. e7 1-0

[Event "Mazowiec-chT 1617"]
[Site "Warsaw"]
[Date "2017.01.08"]
[Round "3.3"]
[White "Malicka, Maria"]
[Black "Zbrzeski, Piotr"]
[Result "1/2-1/2"]
[WhiteElo "1901"]
[BlackElo "1786"]
[PlyCount "81"]
[EventDate "2016.12.11"]
[EventType "team-tourn"]
[EventRounds "10"]
[EventCountry "POL"]
[SourceTitle "EXT 2019"]
[Source "ChessBase"]
[SourceDate "2018.10.10"]
[SourceVersion "1"]
[SourceVersionDate "2018.10.10"]
[SourceQuality "1"]

1. e4 Nf6 2. e5 Nd5 3. d4 d6 4. Nf3 Bf5 5. Bd3 Bxd3 6. Qxd3 Qd7 7. 0-0 e6 8. c4 Nb6 9. exd6 Bxd6 10. Nc3 Nc6 11. Rd1 0-0-0 12. Qe2 Be7 13. Bf4 Bf6 14. Nb5 Na8 15. d5 exd5 16. cxd5 Nb4 17. Nxc7 Nxc7 18. Rac1 Rde8 19. Qc4 Nba6 20. d6 Rd8 21. Rd2 Qc6 22. dxc7 Rxd2 23. Qxc6 Rd1+ 24. Rxd1 bxc6 25. Ne5 Bxe5 26. Bxe5 f6 27. Bg3 Nxc7 28. Rd6 Rd8 29. Kf1 Rxd6 30. Bxd6 Nd5 31. g3 Kd7 32. Bc5 a6 33. Ke2 Nc7 34. Kd3 Ne6 35. Be3 Kd6 36. Kc4 g6 37. Kb4 Kc7 38. b3 f5 39. h4 Kb7 40. Ka5 Nc7 41. Bd4 1/2-1/2

[Event "Mazowiec-chT 1516"]
[Site "Poland"]
[Date "2016.01.10"]
[Round "2.17"]
[White "Zbrzeski, Piotr"]
[Black "Sanz Wawer, Daniel"]
[Result "0-1"]
[WhiteElo "1786"]
[BlackElo "2119"]
[PlyCount "72"]
[EventDate "2015.12.13"]
[EventType "team-tourn"]
[EventRounds "7"]
[EventCountry "POL"]
[SourceTitle "EXT 2019"]
[Source "ChessBase"]
[SourceDate "2018.10.10"]
[SourceVersion "1"]
[SourceVersionDate "2018.10.10"]
[SourceQuality "1"]
[WhiteTeam "Warszawa Entropia"]
[BlackTeam "Chylice Laura"]
[WhiteTeamCountry "POL"]
[BlackTeamCountry "POL"]

1. d4 Nf6 2. c4 e6 3. Nf3 b6 4. g3 Bb4+ 5. Bd2 Qe7 6. Bg2 Bb7 7. 0-0 Bxd2 8. Nbxd2 0-0 9. Rc1 d6 10. Qc2 c5 11. dxc5 bxc5 12. Rfd1 Nc6 13. Qa4 a6 14. Nb3 Qc7 15. Nfd2 Rad8 16. Ne4 Ng4 17. h3 Nge5 18. Ng5 h6 19. Nf3 Ng6 20. Rd2 f5 21. Ne1 f4 22. Rc3 Nce5 23. Bxb7 Qxb7 24. Nc1 fxg3 25. fxg3 Rf5 26. Qb3 Qc6 27. Nf3 Rdf8 28. Kg2 h5 29. h4 Ng4 30. Qd1 Qe4 31. Qg1 N6e5 32. Kh3 Nxf3 33. exf3 Rxf3 34. Rxf3 Qxf3 35. Qe1 Ne3 36. Re2 Nf1 0-1

[Event "Warsaw YMCA Winter 149th"]
[Site "Warsaw"]
[Date "2015.01.29"]
[Round "3"]
[White "Kaminski, Jan"]
[Black "Zbrzeski, Piotr"]
[Result "0-1"]
[WhiteElo "1727"]
[BlackElo "1747"]
[PlyCount "94"]
[EventDate "2015.01.07"]
[EventType "tourn"]
[EventRounds "13"]
[EventCountry "POL"]
[SourceTitle "EXT 2019"]
[Source "ChessBase"]
[SourceDate "2018.10.10"]
[SourceVersion "1"]
[SourceVersionDate "2018.10.10"]
[SourceQuality "1"]

1. e4 Nf6 2. Nc3 d5 3. exd5 Nxd5 4. Bc4 c6 5. d4 Bf5 6. Nge2 e6 7. 0-0 Bd6 8. Ng3 Bg6 9. Nce4 Be7 10. c3 0-0 11. f4 Nd7 12. f5 exf5 13. Nxf5 N7b6 14. Bd3 Qd7 15. Nc5 Bxc5 16. dxc5 Nc8 17. Qg4 Nf6 18. Qh3 Ne7 19. Bg5 Nxf5 20. Bxf6 gxf6 21. Bxf5 Qd5 22. b4 Rad8 23. a4 a5 24. Rad1 Qxd1 25. Rxd1 Rxd1+ 26. Kf2 axb4 27. cxb4 Rfd8 28. Bxg6 hxg6 29. Qc3 Kg7 30. Ke2 R1d5 31. g4 Re8+ 32. Kf3 Red8 33. Ke3 Rh8 34. Qb2 Rh3+ 35. Ke4 Re5+ 36. Kd4 Rhe3 37. Qb1 Re1 38. Qc2 R1e2 39. Qb1 Rxh2 40. b5 Rd2+ 41. Kc3 Rdd5 42. bxc6 bxc6 43. Qb6 Rxc5+ 44. Kb4 Rb5+ 45. axb5 Rxb5+ 46. Qxb5 cxb5 47. Kxb5 Kh6 0-1

[Event "Warsaw YMCA Winter-C 136th"]
[Site "Warsaw"]
[Date "2014.02.03"]
[Round "4"]
[White "Kaniewska, Emilia"]
[Black "Zbrzeski, Piotr"]
[Result "0-1"]
[WhiteElo "1713"]
[BlackElo "1782"]
[PlyCount "126"]
[EventDate "2014.01.06"]
[EventType "tourn"]
[EventRounds "13"]
[EventCountry "POL"]
[SourceTitle "EXT 2015"]
[Source "ChessBase"]
[SourceDate "2014.11.20"]
[SourceVersion "1"]
[SourceVersionDate "2014.11.20"]
[SourceQuality "1"]

1. Nf3 d5 2. c4 c6 3. e3 Nf6 4. b3 e6 5. Be2 Be7 6. 0-0 0-0 7. Bb2 Nbd7 8. d4 Ne4 9. Nbd2 Ndf6 10. Qc2 b6 11. Ne5 Bb7 12. f3 Nxd2 13. Qxd2 Rc8 14. Bd3 c5 15. Rae1 Nd7 16. Nxd7 Qxd7 17. dxc5 Bxc5 18. Qc2 f5 19. Kh1 Rfd8 20. Re2 dxc4 21. Bxc4 b5 22. Qxf5 bxc4 23. Qg5 Qe7 24. Qg4 cxb3 25. axb3 Ba6 26. Ree1 Bxf1 27. Rxf1 Bxe3 28. h3 Rc2 29. Be5 Rcd2 30. f4 Bd4 31. Bxd4 R2xd4 32. Re1 e5 33. Qf5 Qf6 34. Rxe5 Qxf5 35. Rxf5 Rb4 36. Ra5 Rxb3 37. Rxa7 Rb4 38. g3 Rb2 39. Ra1 Kf7 40. Kg1 Ke6 41. Re1+ Kf6 42. g4 Rdd2 43. f5 Kg5 44. Kf1 Rh2 45. Kg1 Rbg2+ 46. Kf1 Rh1+ 47. Kxg2 Rxe1 48. Kg3 Re3+ 49. Kg2 Kh4 50. Kf2 Rxh3 51. g5 Kxg5 52. Kg2 Kxf5 53. Kxh3 g5 54. Kg3 h5 55. Kh3 g4+ 56. Kg3 h4+ 57. Kg2 Kf4 58. Kh2 g3+ 59. Kg2 h3+ 60. Kg1 Kf3 61. Kh1 g2+ 62. Kg1 h2+ 63. Kxh2 Kf2 0-1

[Event "Mazowiec-chT 1314"]
[Site "Poland"]
[Date "2014.02.02"]
[Round "5.10"]
[White "Malicka, Maria"]
[Black "Zbrzeski, Piotr"]
[Result "0-1"]
[WhiteElo "1405"]
[BlackElo "1782"]
[PlyCount "94"]
[EventDate "2014.01.12"]
[EventType "team-tourn"]
[EventRounds "10"]
[EventCountry "POL"]
[SourceTitle "EXT 2019"]
[Source "ChessBase"]
[SourceDate "2018.10.10"]
[SourceVersion "1"]
[SourceVersionDate "2018.10.10"]
[SourceQuality "1"]

1. e4 Nf6 2. Nc3 d5 3. exd5 Nxd5 4. Bc4 Nxc3 5. bxc3 Nc6 6. Ba3 Ne5 7. Be2 Nd7 8. Nf3 e6 9. Bxf8 Nxf8 10. 0-0 Nd7 11. Re1 0-0 12. Rb1 Nb6 13. Bd3 Nd7 14. Qe2 Nc5 15. Bc4 b6 16. Ne5 Bd7 17. Qf3 Rb8 18. d4 Nb7 19. d5 Na5 20. Nxd7 Nxc4 21. dxe6 Nd2 22. Qf5 Qe7 23. Rbd1 fxe6 24. Qxe6+ Qxe6 25. Rxe6 Rfe8 26. Nxb8 Rxe6 27. Na6 Rd6 28. Kh1 Ne4 29. Rxd6 cxd6 30. f3 Nxc3 31. Nb4 Kf7 32. a3 Ke6 33. Kg1 Nd1 34. a4 Nc3 35. a5 bxa5 36. Nc6 a4 37. Na5 Nd1 38. Nc4 Kd5 39. Na3 Kd4 40. Kf1 a6 41. Ke1 Ne3 42. g4 Kc3 43. h4 Nxc2+ 44. Nxc2 Kxc2 45. f4 a3 46. g5 a2 47. f5 a1Q+ 0-1

[Event "Warsaw YMCA Winter-C 136th"]
[Site "Warsaw"]
[Date "2014.01.21"]
[Round "3"]
[White "Lewandrowski, Tomasz"]
[Black "Zbrzeski, Piotr"]
[Result "1-0"]
[WhiteElo "1817"]
[BlackElo "1782"]
[PlyCount "111"]
[EventDate "2014.01.06"]
[EventType "tourn"]
[EventRounds "13"]
[EventCountry "POL"]
[SourceTitle "EXT 2015"]
[Source "ChessBase"]
[SourceDate "2014.11.20"]
[SourceVersion "1"]
[SourceVersionDate "2014.11.20"]
[SourceQuality "1"]

1. e4 Nf6 2. e5 Nd5 3. c4 Nb6 4. c5 Nd5 5. Nc3 Nxc3 6. dxc3 d6 7. Qb3 e6 8. cxd6 cxd6 9. Nf3 d5 10. Bd3 Nd7 11. Qa4 Qc7 12. 0-0 Qc6 13. Qf4 h6 14. Re1 Nc5 15. Bc2 a6 16. a4 b6 17. Be3 Bd7 18. Bd4 Nb7 19. Re3 Bc5 20. b4 Be7 21. h4 a5 22. b5 Qc7 23. Ne1 g5 24. Qg4 0-0-0 25. h5 Nc5 26. Qf3 Rhf8 27. g4 Kb8 28. Qe2 Bc8 29. Rf3 Bb7 30. Qe3 Ka7 31. Qd2 Ne4 32. Qd1 Rc8 33. Rc1 Ba3 34. Bxe4 dxe4 35. Rf6 Bxc1 36. Qxc1 Rh8 37. Ng2 Rcd8 38. Qa3 Rd7 39. Ne3 Qd8 40. Qb2 Qc8 41. Qe2 Rc7 42. Nd1 Bd5 43. Qd2 Qb7 44. Qb2 Qc8 45. Ne3 Qd7 46. Qd2 Bb3 47. c4 Kb7 48. Nf5 exf5 49. Rxb6+ Kc8 50. Rd6 Qxd6 51. exd6 Rxc4 52. Bxh8 Kd7 53. Be5 Rb4 54. gxf5 Bxa4 55. Qd5 Bxb5 56. Qb7+ 1-0

[Event "Mazowiec-chT op 2013"]
[Site "Poland"]
[Date "2013.10.06"]
[Round "3.9"]
[White "Zbrzeski, Piotr"]
[Black "Chylewski, Patryk"]
[Result "0-1"]
[WhiteElo "1767"]
[BlackElo "1704"]
[PlyCount "130"]
[EventDate "2013.09.29"]
[EventType "team-swiss"]
[EventRounds "10"]
[EventCountry "POL"]
[SourceTitle "EXT 2019"]
[Source "ChessBase"]
[SourceDate "2018.10.10"]
[SourceVersion "1"]
[SourceVersionDate "2018.10.10"]
[SourceQuality "1"]

1. d4 Nf6 2. Nf3 g6 3. Bf4 Bg7 4. e3 d5 5. Bd3 c5 6. c3 Qb6 7. Qc1 Nc6 8. Nbd2 cxd4 9. exd4 0-0 10. 0-0 Bg4 11. h3 Bxf3 12. Nxf3 Rac8 13. Qd2 Qa5 14. Rfe1 b5 15. a3 Qb6 16. Qe2 a6 17. a4 b4 18. Bxa6 Ra8 19. Bb5 bxc3 20. bxc3 Ne4 21. Qd3 Rfc8 22. Be3 Na5 23. Ra3 e6 24. Rc1 Nc4 25. Bxc4 Rxc4 26. Rb1 Qc7 27. Rc1 Raxa4 28. Rxa4 Rxa4 29. Qb5 Rc4 30. Qe8+ Bf8 31. Bh6 Qc8 32. Qxc8 Rxc8 33. Bd2 Nxd2 34. Nxd2 Bh6 35. Rc2 Bxd2 36. Rxd2 Rxc3 37. Kf1 Kg7 38. Ke2 Kf6 39. Ra2 h5 40. Ra7 g5 41. Kd2 Rb3 42. Ra8 Kf5 43. Kc2 Rb4 44. Kd3 Rb1 45. Rf8 Kf6 46. Ke3 Re1+ 47. Kd3 Rg1 48. Ke2 Rxg2 49. Kf3 Rh2 50. Kg3 Rh1 51. Ra8 Rd1 52. Ra4 Kf5 53. f3 Rd2 54. h4 gxh4+ 55. Kxh4 Kf4 56. Kh3 Kxf3 57. Ra7 Rxd4 58. Rxf7+ Rf4 59. Re7 Rf6 60. Rh7 Rf5 61. Rd7 Ke4 62. Kg3 d4 63. Rb7 d3 64. Rb1 d2 65. Kg2 Ke3 0-1

[Event "Mazowiec-chT op 2013"]
[Site "Poland"]
[Date "2013.10.06"]
[Round "4.2"]
[White "Zbrzeski, Piotr"]
[Black "Kaczmarczyk, Marcin"]
[Result "1-0"]
[WhiteElo "1767"]
[BlackElo "1550"]
[PlyCount "59"]
[EventDate "2013.09.29"]
[EventType "team-swiss"]
[EventRounds "10"]
[EventCountry "POL"]
[SourceTitle "EXT 2019"]
[Source "ChessBase"]
[SourceDate "2018.10.10"]
[SourceVersion "1"]
[SourceVersionDate "2018.10.10"]
[SourceQuality "1"]

1. d4 d5 2. c4 c6 3. Nc3 e6 4. Nf3 Nf6 5. Bf4 dxc4 6. e3 Be7 7. Bxc4 Nbd7 8. 0-0 0-0 9. e4 Bb4 10. Re1 b5 11. Bd3 a6 12. e5 Bxc3 13. bxc3 Nd5 14. Bg5 Qb6 15. Qc2 h6 16. Bd2 Ne7 17. Qc1 f5 18. Bxh6 gxh6 19. Qxh6 Rf7 20. Ng5 Rg7 21. Qxe6+ Kf8 22. Qh6 Kg8 23. Bxf5 Nxf5 24. Qe6+ Kf8 25. Qxf5+ Kg8 26. Qe6+ Kf8 27. Re3 Rxg5 28. Rf3+ Kg7 29. Qf7+ Kh6 30. Rh3+ 1-0

[Event "Warsaw-ch opB 66th"]
[Site "Warsaw"]
[Date "2013.05.16"]
[Round "6"]
[White "Zbrzeski, Piotr"]
[Black "Kwiek, Janusz"]
[Result "1-0"]
[WhiteElo "1801"]
[BlackElo "1648"]
[PlyCount "109"]
[EventDate "2013.05.11"]
[EventType "swiss"]
[EventRounds "9"]
[EventCountry "POL"]
[SourceTitle "CBM 154 Extra"]
[Source "ChessBase"]
[SourceDate "2013.06.25"]
[SourceVersion "2"]
[SourceVersionDate "2013.06.25"]
[SourceQuality "1"]

1. d4 e6 2. c4 Nf6 3. Nf3 d5 4. Bg5 h6 5. Bxf6 Qxf6 6. e3 Bb4+ 7. Nc3 0-0 8. Qb3 Bxc3+ 9. Qxc3 c6 10. Bd3 Nd7 11. 0-0 dxc4 12. Bxc4 Re8 13. b4 e5 14. a4 exd4 15. Nxd4 c5 16. bxc5 Qe5 17. Rac1 Nf6 18. Bb5 Bd7 19. Bxd7 Nxd7 20. c6 bxc6 21. Qxc6 Nb6 22. Rc5 Qe7 23. Qb5 Nxa4 24. Rc6 Nb6 25. Qa6 Rac8 26. Rxc8 Rxc8 27. g3 Rc7 28. Nb5 Rb7 29. Nxa7 Rxa7 30. Qxb6 Ra2 31. Qb8+ Qf8 32. Rb1 Qxb8 33. Rxb8+ Kh7 34. Kf1 f6 35. Rb1 Kg6 36. Re1 h5 37. Re2 Ra1+ 38. Kg2 Kg5 39. f4+ Kg6 40. e4 Ra6 41. Kf3 Ra3+ 42. Re3 Ra2 43. h3 Rh2 44. e5 Ra2 45. e6 Ra8 46. g4 hxg4+ 47. hxg4 f5 48. g5 Kh7 49. Re5 g6 50. e7 Re8 51. Ke3 Kg7 52. Kd4 Kf7 53. Kd5 Kg8 54. Kd6 Kg7 55. Kd7 1-0

[Event "Mazowiec-chT 1112"]
[Site "Poland"]
[Date "2012.01.08"]
[Round "2.9"]
[White "Zbrzeski, Piotr"]
[Black "Sikorski, Tomasz"]
[Result "1/2-1/2"]
[WhiteElo "1862"]
[BlackElo "1791"]
[PlyCount "54"]
[EventDate "2012.01.08"]
[EventType "team-tourn"]
[EventRounds "10"]
[EventCountry "POL"]
[SourceTitle "EXT 2019"]
[Source "ChessBase"]
[SourceDate "2018.10.10"]
[SourceVersion "1"]
[SourceVersionDate "2018.10.10"]
[SourceQuality "1"]

1. d4 e6 2. Nf3 Nf6 3. c4 d5 4. Bg5 Nbd7 5. cxd5 exd5 6. Nc3 Bb4 7. Rc1 c6 8. e3 Qa5 9. Bxf6 Nxf6 10. Qb3 0-0 11. a3 Bd6 12. Bd3 b5 13. 0-0 Bd7 14. Qc2 h6 15. b4 Qb6 16. Ne5 Bxe5 17. dxe5 Ng4 18. Bf5 Nxe5 19. Bxd7 Nxd7 20. Qf5 Qb7 21. Ne2 Nb6 22. Nd4 Rfc8 23. e4 Rc7 24. exd5 Nxd5 25. Rc5 Nb6 26. Qf3 Rd8 27. Qg4 Rd6 1/2-1/2